| 000 | 00867nas a2200277 4500 | ||
|---|---|---|---|
| 001 | BR2019000707 | ||
| 003 | BR-BrBNA | ||
| 005 | 20231205131633.0 | ||
| 007 | ta | ||
| 008 | 230509b bl.|||p| |||| 00| 00por d | ||
| 040 |
_aBR-BrBNA _bpor _cBiblioteca Nacional de Agricultura |
||
| 041 | _a(En) | ||
| 072 | _aF60 | ||
| 100 | 1 | _aSrivastava, A.M.N.K. | |
| 100 | 1 | _aSharma, S. | |
| 245 | 1 | _aRole of an antioxidant on net photosynthetic rate, carbon partitioning and oil accumulation in sweet mint | |
| 650 | _aAGROSSISTEMA | ||
| 650 | _aMENTA | ||
| 650 | _aÁCIDO ORGÂNICO | ||
| 650 | _aÓLEO ESSENCIAL | ||
| 650 | _aANÁLISE QUÍMICA | ||
| 773 | 0 |
_tAgrotrópica (Brazil) _xISSN 0103-3816 _g(Jan-Apr 2003), v. 15(1) p. 69-74 _wBR2019000707 |
|
| 856 | 4 | 0 | _dLink DSPACE/MAPA BR2019000707 |
| 909 |
_a202311 _bLúcia _c55 _dLúcia Elande |
||
| 942 |
_2AGRIS _n0 _cANA |
||
| 999 |
_c255850 _d255850 |
||